Chống trốn để giữ vững và phát triển thị trường xuất khẩu lao động /

Gorde:
Xehetasun bibliografikoak
Egile nagusia: Hoàng Văn Hùng
Formatua: Artikulua
Hizkuntza:Vietnamese
Gaiak:
Etiketak: Etiketa erantsi
Etiketarik gabe, Izan zaitez lehena erregistro honi etiketa jartzen!
Thư viện lưu trữ: Thư viện Trường Đại học Đà Lạt
LEADER 00797nam a2200277 4500
001 DLU060053989
040 # # |a DLU  |b vie 
041 # # |a vie 
044 # # |a vn 
100 # # |a Hoàng Văn Hùng 
245 # # |a Chống trốn để giữ vững và phát triển thị trường xuất khẩu lao động /  |c Hoàng Văn Hùng 
653 # # |a Hợp đồng 
653 # # |a Vi phạm 
653 # # |a Xuất khẩu lao động 
773 # # |t Lao động và xã hội   |g Số 261, 2005, tr.36-37 
920 # # |a Phòng Tạp chí -- Trung tâm Thông tin - Thư viện Trường Đại học Đà Lạt 
933 # # |a CP 
994 # # |a DLU 
900 # # |a True 
911 # # |a Nguyễn Thị Yên 
925 # # |a G 
926 # # |a A 
927 # # |a BB 
980 # # |a Thư viện Trường Đại học Đà Lạt